Aufgabensammlung zur Biophysik für das Studium der Medizin sowie der Tierproduktion-Veterinärmedizin und der Biowissenschaften /
Uložené v:
| Hlavní autori: | , |
|---|---|
| Médium: | Kniha |
| Jazyk: | German |
| Vydané: |
Leipzig :
VEB Georg Thieme,
1985.
|
| Vydanie: | 3. verarb. Aufl. |
| ISBN: |
(brož.) |
| Fyzický popis: |
248 s. + 1 príl. |
| Tagy: |
Pridať tag
Žiadne tagy, Buďte prvý kto otaguje tento záznam!
|
Titul je dostupný aj v ... 

MARC
| LEADER | 00000nam a2200000 a 4500 | ||
|---|---|---|---|
| 001 | 000098103 | ||
| 005 | 20120412190246.0 | ||
| 008 | 040101s1985 gw e ger d | ||
| 020 | |a (brož.) |c Kčs 93,00 | ||
| 040 | |a SVKKK |b slo |c SVKKK |e AACR2 | ||
| 041 | 0 | |a ger | |
| 044 | |a gw |c DE | ||
| 100 | 1 | |a Beier, Walter |4 aut | |
| 245 | 1 | 0 | |a Aufgabensammlung zur Biophysik für das Studium der Medizin sowie der Tierproduktion-Veterinärmedizin und der Biowissenschaften / |c Walter Beier, Siegfried Wunderlich. |
| 250 | |a 3. verarb. Aufl. | ||
| 260 | |a Leipzig : |b VEB Georg Thieme, |c 1985. | ||
| 300 | |a 248 s. + |e 1 príl. | ||
| 700 | 1 | |a Wunderlich, Siegfried |4 aut | |
| 910 | |a svkkk | ||
| 998 | |a BK | ||
| 090 | |g SCKHL |k Sklad Pribinova 2. posch. |a III.127995 |j 722114 |i 2720684958 |s Absenčne | ||